|
|
|
|
| LEADER |
00000nab a2200000 a 4500 |
| 001 |
vtls008875566 |
| 003 |
SK-MaSNL |
| 005 |
20260303223519.0 |
| 008 |
240502c2005 xo 0 slo |
| 015 |
|
|
|a SNBCL2005/5
|
| 035 |
|
|
|a SLK036669
|
| 040 |
|
|
|a SLKCL
|b slo
|c SNKBUCL
|e AACR2
|
| 041 |
1 |
|
|a slo
|
| 044 |
|
|
|a xo
|c SK
|
| 080 |
|
|
|a 611.42+616.42:82-95
|2 1981
|
| 100 |
1 |
|
|a Gašpar, Ľudovít,
|d 1956-
|4 rec
|9 216041
|
| 245 |
1 |
0 |
|a Lešník F., Danko J. (eds.): Medicínska lymfológia
|c Ľudovít Gašpar
|
| 650 |
0 |
7 |
|a systém lymfatický
|x patológia
|2 MESH
|9 1258118
|
| 650 |
0 |
7 |
|a cievy lymfatické
|x patofyziológia
|2 MESH
|9 1258119
|
| 650 |
0 |
7 |
|a choroby lymfatického systému
|2 MESH
|9 165431
|
| 650 |
0 |
7 |
|a lymfangiogenéza
|2 MESH
|9 534064
|
| 650 |
0 |
7 |
|a lymfatické uzliny
|2 MESH
|9 83884
|
| 650 |
0 |
7 |
|a zobrazenie diagnostické
|2 MESH
|9 871965
|
| 655 |
|
7 |
|a recenzie
|2 snkbucl
|9 21907
|
| 773 |
0 |
|
|w SERIAL_GENERAL*000097*2005*005*003
|x 1210-3411
|t Praktická flebologie
|g Roč. 14, č. 3 (2005), s. 109
|
| 787 |
0 |
8 |
|i Rec.:
|a Lešník, František
|a Danko, Ján
|t Medicínska lymfológia
|d Bratislava : Vydavateľstvo Hajko a Hajková, 2005
|
| 850 |
|
|
|a Slovenská lekárska knižnica v Bratislave
|a BA006
|
| 852 |
|
|
|a BA006
|b KIS3GCP
|b 000500000
|
| 999 |
|
|
|c 2248166
|d 2250096
|